000 01856nam0a2200385 4500
001 RU\NLR\BIBL_A\022667385
005 20251207045417.0
010 _a978-5-00165-935-8
035 _a(NLR Aleph) 022667385
090 _a13472271
_c13472271
100 _a20251118d2025 u y0rusy50 ca
101 0 _arus
_afre
102 _aRU
105 _ay z 000yy
181 0 _ai4
_baxxe
182 0 _an
200 1 _aКак подготовить доклад по истории
_eруководство для участника зарубежной конференции
_fВ. Л. Портных
203 _aТекст
_bвизуальный
_cнепосредственный
210 _aСанкт-Петербург
_cАлетейя
_d2025
215 _a71 с.
_d21
300 _aНа 4-й с. обл. авт.: Портных В. Л. - д-р ист. наук, историк-медиевист
300 _aЧасть текста фр.
320 _aБиблиогр. в подстроч. примеч.
333 _a16+
606 1 _aНемецкий язык
_jРуководства, пособия и т.п
_xСтилистика научного текста
_92508361
_3RU\NLR\AUTH\661487193
606 1 _aФранцузский язык
_jРуководства, пособия и т.п
_xСтилистика научного текста
_92500597
_3RU\NLR\AUTH\661483140
606 1 _aАнглийский язык
_jРуководства, пособия и т.п
_xСтилистика научного текста
_92472310
_3RU\NLR\AUTH\661468246
686 1 _aШ143.24-93рус-70
686 1 _aШ147.11-93рус-70
686 1 _aШ143.21-93рус-70
700 1 _aПортных
_bВ. Л.
_f1985-
_gВалентин Леонидович
942 _cBOOK
980 _aNB